Las implicaciones intrafamiliares, intergeneracionales y migratorias de la política agraria en México /

Gardado en:
Detalles Bibliográficos
Autor Principal: Quesnel, André
Outros autores: Rey Poveda, Alberto del
Formato: Texto
Materias:
Etiquetas: Engadir etiqueta
Sen Etiquetas, Sexa o primeiro en etiquetar este rexistro!

MARC

LEADER 00000 a a2200000 04500
001 18797
003
040
100 |a Quesnel, André  
245 |a Las implicaciones intrafamiliares, intergeneracionales y migratorias de la política agraria en México /  |c André Quesnel 
650 |a POLITICA AGRARIA  
650 |a REFORMA AGRARIA  
650 |a ASPECTOS LEGALES  
650 |a FAMILIA  
650 |a MIGRACION  
650 |a MEXICO  
700 |a Rey Poveda, Alberto del  
773 |g volumen 5, número 9; páginas 59-86  
999 |c 26937  |d 26937